[Event "chess.com Junior Speed"]
[Site "chess.com INT"]
[Date "2019.06.18"]
[Round "1.31"]
[White "Gledura, Benjamin"]
[Black "Liang, Awonder"]
[Result "1-0"]
[WhiteTitle "GM"]
[BlackTitle "GM"]
[WhiteElo "2645"]
[BlackElo "2600"]
[WhiteFideId "712779"]
[BlackFideId "2056437"]
[EventDate "2019.05.16"]

1. e4 Nf6 2. e5 Nd5 3. d4 d6 4. Nf3 g6 5. Be2 Bg7 6. O-O O-O 7. exd6 cxd6 8. c4
Nb6 9. Nc3 Nc6 10. Be3 d5 11. c5 Nc4 12. Bxc4 dxc4 13. Qa4 Bg4 14. Qxc4 Bxf3 15.
gxf3 Nxd4 16. Rfd1 e5 17. f4 Qh4 18. Bxd4 Qg4+ 19. Kh1 Qf3+ 20. Kg1 exd4 21. Nd5
Rad8 22. Nb4 Qxf4 23. Nd3 Qg4+ 24. Kh1 Rfe8 25. Ne1 h5 26. Qd3 Qf5 27. Qxf5 gxf5
28. Nd3 Rd5 29. Kg2 Bf8 30. Rac1 Rc8 31. b4 a5 32. a3 axb4 33. axb4 Rd7 34. Kf3
Ra8 35. Rg1+ Bg7 36. Rg5 Kf8 37. Rcg1 Ra3 38. Rd1 Rd5 39. Rxh5 Bf6 40. Ke2 b6
41. cxb6 Rb5 42. Rc1 Ra2+ 43. Kf3 Rxb6 44. Rxf5 Ra3 45. Rd1 Rb3 46. Rc5 Be7 47.
Rc4 R6xb4 48. Rxb4 Bxb4 49. Ke4 Bc3 50. h4 Rb5 51. Nf4 Kg7 52. Rg1+ Kh6 53. Rg8
Rb6 54. Kf5 Bd2 55. Nd3 Kh7 56. Rf8 Kg7 57. Rd8 Rf6+ 58. Kg4 Bc3 59. f4 Re6 60.
h5 Re2 61. Ne5 Rg2+ 62. Kf3 Rh2 63. Kg4 Rg2+ 64. Kh3 Rf2 65. Kg3 Rf1 66. Rd7 Kh6
67. Rxf7 Be1+ 68. Kg4 Rg1+ 69. Kf5 Rh1 70. Ng4+ Kxh5 71. Rh7# 1-0

[Event "chess.com Junior Speed"]
[Site "chess.com INT"]
[Date "2019.06.18"]
[Round "1.32"]
[White "Liang, Awonder"]
[Black "Gledura, Benjamin"]
[Result "0-1"]
[WhiteTitle "GM"]
[BlackTitle "GM"]
[WhiteElo "2600"]
[BlackElo "2645"]
[WhiteFideId "2056437"]
[BlackFideId "712779"]
[EventDate "2019.05.16"]

1. e4 c5 2. Nf3 Nc6 3. d4 cxd4 4. Nxd4 Nf6 5. Nc3 e5 6. Ndb5 d6 7. Bg5 a6 8. Na3
b5 9. Nd5 Be7 10. Bxf6 Bxf6 11. c4 b4 12. Nc2 Bg5 13. h4 Bh6 14. g3 O-O 15. Bg2
Rb8 16. O-O Be6 17. b3 a5 18. Qe2 a4 19. Rfd1 Qa5 20. g4 Bf4 21. Nxf4 exf4 22.
Rxd6 Ne5 23. f3 Qc5+ 24. Rd4 Nc6 25. Qf2 Nxd4 26. Nxd4 Rfd8 27. Nxe6 Qxf2+ 28.
Kxf2 fxe6 29. Ke1 Rd3 30. Rd1 Re3+ 31. Kf2 axb3 32. axb3 Rxb3 33. Bf1 Rc3 0-1

[Event "chess.com Junior Speed"]
[Site "chess.com INT"]
[Date "2019.06.18"]
[Round "1.33"]
[White "Gledura, Benjamin"]
[Black "Liang, Awonder"]
[Result "1-0"]
[WhiteTitle "GM"]
[BlackTitle "GM"]
[WhiteElo "2645"]
[BlackElo "2600"]
[WhiteFideId "712779"]
[BlackFideId "2056437"]
[EventDate "2019.05.16"]

1. Nf3 Nf6 2. g3 b6 3. Bg2 Bb7 4. O-O g6 5. c4 Bg7 6. d4 O-O 7. d5 Na6 8. Nc3
Nc5 9. Nd4 a5 10. e4 e5 11. Nc2 d6 12. b3 Nfd7 13. Bd2 f5 14. exf5 gxf5 15. f4
e4 16. Ne3 Nd3 17. Nxf5 Rxf5 18. Bxe4 Bd4+ 19. Kg2 Nb2 20. Qg4+ Kh8 21. Qxf5 Nf6
22. Bc2 a4 23. Nb5 Bc8 24. Qg5 1-0

[Event "chess.com Junior Speed"]
[Site "chess.com INT"]
[Date "2019.07.11"]
[Round "2.1"]
[White "Maghsoodloo, Parham"]
[Black "Sarana, Alexey"]
[Result "0-1"]
[WhiteTitle "GM"]
[BlackTitle "GM"]
[WhiteElo "2671"]
[BlackElo "2636"]
[WhiteFideId "12539929"]
[BlackFideId "24133795"]
[EventDate "2019.05.16"]

1. Nf3 d5 2. g3 Nf6 3. Bg2 g6 4. O-O Bg7 5. d3 O-O 6. Nbd2 c5 7. c3 Nc6 8. a3 b6
9. b4 Bb7 10. Bb2 Qc7 11. e4 Rfd8 12. Qc2 Rac8 13. Rac1 dxe4 14. dxe4 Ba6 15.
Rfe1 Bd3 16. Qb3 Ng4 17. h3 Nge5 18. Nxe5 Nxe5 19. f4 c4 20. Qd1 Nc6 21. e5 Nxe5
22. fxe5 Bxe5 23. Qf3 Bxg3 24. Ne4 Bxe1 25. Rxe1 Bxe4 26. Qxe4 Qg3 27. Rf1 Rd7
28. Bc1 Qxc3 29. Be3 Qd3 30. Qf4 f6 31. h4 c3 32. h5 g5 33. Qf2 Rc4 34. Bh3 g4
35. Bg2 c2 36. Bc1 g3 37. Qe1 Qd4+ 38. Be3 Qh4 39. Rf3 Rd1 0-1

[Event "chess.com Junior Speed"]
[Site "chess.com INT"]
[Date "2019.07.11"]
[Round "2.2"]
[White "Sarana, Alexey"]
[Black "Maghsoodloo, Parham"]
[Result "0-1"]
[WhiteTitle "GM"]
[BlackTitle "GM"]
[WhiteElo "2636"]
[BlackElo "2671"]
[WhiteFideId "24133795"]
[BlackFideId "12539929"]
[EventDate "2019.05.16"]

1. d4 Nf6 2. c4 e6 3. Nf3 d5 4. Nc3 a6 5. cxd5 exd5 6. Bg5 Be6 7. Qb3 Nbd7 8. e3
b5 9. Qc2 h6 10. Bh4 Be7 11. Bd3 O-O 12. O-O Rc8 13. a4 c6 14. axb5 cxb5 15. Qb3
Qb6 16. Ne2 g5 17. Bg3 Ne4 18. Nc3 Qb7 19. Rfc1 Nb6 20. Ne5 Bf6 21. Qd1 Bg7 22.
Nxe4 dxe4 23. Bc2 Nc4 24. Nxc4 Bxc4 25. h4 f5 26. hxg5 hxg5 27. Bd6 Rf6 28. Be5
Rh6 29. Bb3 Bxe5 30. dxe5 Qh7 31. Bxc4+ Kh8 32. Kf1 Rh1+ 33. Ke2 Qh5+ 34. Kd2
Rd8+ 35. Kc2 Rdxd1 36. Rxd1 Rxd1 37. Rxd1 bxc4 38. Rd8+ Kg7 39. Rd7+ Kf8 40. e6
Ke8 41. Rd2 f4 42. Kc3 Qh2 43. exf4 gxf4 44. Kd4 Qxg2 45. Rc2 e3 46. fxe3 Qxc2 0-1

[Event "chess.com Junior Speed"]
[Site "chess.com INT"]
[Date "2019.07.11"]
[Round "2.3"]
[White "Maghsoodloo, Parham"]
[Black "Sarana, Alexey"]
[Result "0-1"]
[WhiteTitle "GM"]
[BlackTitle "GM"]
[WhiteElo "2671"]
[BlackElo "2636"]
[WhiteFideId "12539929"]
[BlackFideId "24133795"]
[EventDate "2019.05.16"]

1. c4 Nf6 2. Nf3 c6 3. g3 g6 4. b3 Bg7 5. Bb2 O-O 6. Bg2 d5 7. O-O Nbd7 8. Nc3
Ne4 9. Qc2 Nxc3 10. Bxc3 e5 11. cxd5 cxd5 12. e3 e4 13. Nd4 Ne5 14. f4 exf3 15.
Bxf3 Bh3 16. Bg2 Bxg2 17. Kxg2 Rc8 18. Qd1 Qd7 19. Qe2 Rfe8 20. Rac1 Ng4 21. Qb5
Rcd8 22. h3 Ne5 23. Qxd7 Rxd7 24. Ne2 Nd3 25. Rc2 Rc7 26. a3 d4 27. Nxd4 Bxd4
28. exd4 Ne1+ 29. Rxe1 Rxe1 30. d5 Re8 31. Rc1 Rd7 32. Bd4 Rxd5 33. Be3 Rd3 34.
Rb1 b6 35. a4 Rc8 36. Kf3 f5 37. g4 Rd5 38. b4 Kf7 39. a5 b5 40. Ke2 a6 41. Rf1
Ke6 42. Bc5 Re5+ 43. Kd1 Rd8 44. d4 Re3 45. gxf5+ gxf5 46. Rg1 Rxh3 47. Rg7 Kd5
48. Ra7 Rg8 49. Rxa6 Rg2 0-1

[Event "chess.com Junior Speed"]
[Site "chess.com INT"]
[Date "2019.07.11"]
[Round "2.4"]
[White "Sarana, Alexey"]
[Black "Maghsoodloo, Parham"]
[Result "0-1"]
[WhiteTitle "GM"]
[BlackTitle "GM"]
[WhiteElo "2636"]
[BlackElo "2671"]
[WhiteFideId "24133795"]
[BlackFideId "12539929"]
[EventDate "2019.05.16"]

1. e4 c5 2. Nf3 Nc6 3. d4 cxd4 4. Nxd4 Nf6 5. Nc3 d6 6. Bg5 e6 7. Qd2 a6 8.
O-O-O Bd7 9. f4 Be7 10. Nxc6 Bxc6 11. Bd3 h6 12. Bh4 Nd7 13. Bxe7 Qxe7 14. Be2
Nf6 15. Bf3 O-O-O 16. Qe3 Qc7 17. Rd3 d5 18. e5 Nd7 19. Ne2 g5 20. g3 Kb8 21.
Nd4 Rc8 22. Rc3 Qa5 23. Ra3 Qc7 24. Rd1 Nb6 25. Be2 Ba4 26. Rc3 Qe7 27. b3 Bd7
28. Kb1 gxf4 29. gxf4 Qa3 30. Rxc8+ Rxc8 31. Nf5 Rc5 32. Qd4 exf5 33. Rg1 Be6
34. Rg3 Rc6 35. Rh3 Qf8 36. a4 Nd7 37. Qf2 Nc5 38. Qh4 Ne4 39. Bd3 Qc5 40. Qxh6
Nf2 41. Qh8+ Rc8 42. Qh6 Nxd3 0-1

[Event "chess.com Junior Speed"]
[Site "chess.com INT"]
[Date "2019.07.11"]
[Round "2.5"]
[White "Maghsoodloo, Parham"]
[Black "Sarana, Alexey"]
[Result "0-1"]
[WhiteTitle "GM"]
[BlackTitle "GM"]
[WhiteElo "2671"]
[BlackElo "2636"]
[WhiteFideId "12539929"]
[BlackFideId "24133795"]
[EventDate "2019.05.16"]

1. Nf3 d5 2. e3 Nf6 3. b3 g6 4. Bb2 Bg7 5. c4 c6 6. Be2 O-O 7. O-O Bf5 8. Nc3
Ne4 9. Qc1 Nc5 10. cxd5 Nd3 11. Bxd3 Bxd3 12. Re1 cxd5 13. Na4 Bb5 14. Bxg7 Kxg7
15. Nc3 Be8 16. b4 Nc6 17. b5 Na5 18. d3 f6 19. Qb2 Bf7 20. Qb4 Qb6 21. Na4 Qd8
22. Rac1 b6 23. h3 Qd7 24. Nb2 Rac8 25. a4 e5 26. d4 e4 27. Nd2 Be6 28. Kh2 Rc7
29. f4 exf3 30. Nxf3 Rfc8 31. Rxc7 Qxc7+ 32. Kg1 Qc3 33. Qe7+ Bf7 34. Nd1 Qc7
35. Qb4 Nc4 36. Nf2 Qd6 37. Qb1 Be6 38. e4 Qa3 39. exd5 Bxd5 40. Ne4 Rc7 41.
Ned2 Nxd2 42. Nxd2 Qxa4 43. Qd3 Qb4 44. Rb1 Qc3 45. Qxc3 Rxc3 46. Ra1 Rd3 47.
Nf1 Kh6 48. Rxa7 Rb3 49. Rd7 Rxb5 50. Ne3 Be4 51. Ng4+ Kg5 52. Rxh7 Rb1+ 53. Kh2
Rb2 54. Ne3 Kf4 55. Ng4 Rxg2+ 0-1

[Event "chess.com Junior Speed"]
[Site "chess.com INT"]
[Date "2019.07.11"]
[Round "2.6"]
[White "Sarana, Alexey"]
[Black "Maghsoodloo, Parham"]
[Result "0-1"]
[WhiteTitle "GM"]
[BlackTitle "GM"]
[WhiteElo "2636"]
[BlackElo "2671"]
[WhiteFideId "24133795"]
[BlackFideId "12539929"]
[EventDate "2019.05.16"]

1. d4 Nf6 2. c4 e6 3. Nf3 d5 4. Nc3 a6 5. cxd5 exd5 6. Qb3 Be7 7. Bg5 c6 8. e3
O-O 9. Bd3 Ra7 10. O-O Be6 11. Qc2 Nbd7 12. Ne5 h6 13. Bf4 c5 14. Nxd7 Nxd7 15.
dxc5 Nxc5 16. Bh7+ Kh8 17. Bf5 b5 18. Rad1 Rd7 19. Be5 Qc8 20. Rd2 Rdd8 21. Bxe6
fxe6 22. Bd4 Bf6 23. Bxf6 Rxf6 24. Rd4 Ne4 25. a4 e5 26. Rxd5 Rxd5 27. Qxe4 Rc5
28. axb5 axb5 29. h3 Qc6 30. Qxc6 Rfxc6 31. Rd1 b4 32. Rd8+ Kh7 33. Na4 Rc1+ 34.
Kh2 R1c2 35. Rb8 Rxf2 36. Rxb4 Rg6 37. Rg4 Rxg4 38. hxg4 Re2 39. Nb6 Rxe3 40.
Nd7 Kg6 41. b4 Kf7 42. b5 Ke6 43. Nf8+ Kd6 44. Ng6 Rb3 45. Nh4 Ke6 46. Nf5 g6
47. Nxh6 Rxb5 48. Kg3 Rb3+ 49. Kf2 e4 50. g5 Ke5 51. g3 Rf3+ 52. Kg2 Rf8 53.
Ng4+ Kf5 54. Nf2 e3 55. Nd3 Kxg5 0-1

[Event "chess.com Junior Speed"]
[Site "chess.com INT"]
[Date "2019.07.11"]
[Round "2.7"]
[White "Maghsoodloo, Parham"]
[Black "Sarana, Alexey"]
[Result "1-0"]
[WhiteTitle "GM"]
[BlackTitle "GM"]
[WhiteElo "2671"]
[BlackElo "2636"]
[WhiteFideId "12539929"]
[BlackFideId "24133795"]
[EventDate "2019.05.16"]

1. e4 c5 2. Nf3 d6 3. d4 cxd4 4. Nxd4 Nf6 5. Nc3 a6 6. h3 b5 7. g4 Bb7 8. Bg2
Nc6 9. Nde2 e6 10. a3 Be7 11. Ng3 Nd7 12. O-O O-O 13. b3 Bf6 14. Bb2 Qc7 15. Qd2
Rac8 16. g5 Be5 17. Nge2 g6 18. Rad1 Nc5 19. f4 Bg7 20. b4 Nd7 21. Qxd6 Qb6+ 22.
Kh1 Rcd8 23. Qd2 Nde5 24. Qe1 Nc4 25. Bc1 Nd4 26. Nxd4 Bxd4 27. Ne2 Be3 28. Rd3
Bxc1 29. Qxc1 Rxd3 30. cxd3 Ne3 31. Rf3 Nxg2 32. Kxg2 Rc8 33. Qe3 Qd6 34. Qd4
Qxd4 35. Nxd4 Rc3 36. Kf2 Rxa3 37. Ke3 Ra4 38. Rf1 e5 39. fxe5 Bc8 40. h4 Bh3
41. Rb1 Ra2 42. Ne2 Bg4 43. Nc3 Rh2 44. Ra1 Rxh4 45. Rxa6 Rh3+ 46. Kd4 h5 47.
Nd5 Kg7 48. Ra8 Rg3 49. Nf6 Bc8 50. Rxc8 Rxg5 51. Rg8+ Kh6 52. Rh8+ Kg7 53. Rh7+
Kf8 54. Rxh5 Rxh5 55. Nxh5 gxh5 56. Ke3 Kg7 57. Kf4 Kg6 58. d4 Kh6 59. d5 Kg7
60. Kg5 1-0

[Event "chess.com Junior Speed"]
[Site "chess.com INT"]
[Date "2019.07.11"]
[Round "2.8"]
[White "Sarana, Alexey"]
[Black "Maghsoodloo, Parham"]
[Result "0-1"]
[WhiteTitle "GM"]
[BlackTitle "GM"]
[WhiteElo "2636"]
[BlackElo "2671"]
[WhiteFideId "24133795"]
[BlackFideId "12539929"]
[EventDate "2019.05.16"]

1. d4 Nf6 2. c4 e6 3. Nf3 d5 4. Nc3 a6 5. cxd5 exd5 6. Qb3 Ra7 7. Bg5 Be6 8. e3
Nbd7 9. Bd3 Bd6 10. O-O c6 11. Qc2 Qc7 12. e4 dxe4 13. Nxe4 Nxe4 14. Bxe4 h6 15.
Bh4 O-O 16. Rac1 Nb6 17. Bg3 Raa8 18. Ne5 Rad8 19. Rfe1 Rfe8 20. a3 Nd5 21. Bh7+
Kf8 22. Bf5 Kg8 23. Bh7+ Kf8 24. Qd3 Nf6 25. Bf5 Bxf5 26. Qxf5 Qc8 27. Qf3 Bxe5
28. dxe5 Nd5 29. Bh4 g5 30. Bg3 Qe6 31. h4 Qg6 32. hxg5 hxg5 33. Re2 Nc7 34. Qb3
Nb5 35. Re3 Rd7 36. Qb4+ Kg8 37. f4 Rd4 38. f5 Qxf5 39. Qc5 Red8 40. Rf1 Rd1 41.
Be1 Qe6 42. Rg3 g4 43. Qe3 R8d4 44. Kh2 Qg6 45. e6 Qxe6 46. Qg5+ Qg6 47. Qh4 Qh7
48. Qxh7+ Kxh7 49. Rxf7+ Kg6 50. Re7 Kf6 51. Ree3 Kf5 52. Bb4 Rd7 53. Re1 Rxe1
54. Bxe1 Nd4 55. Rc3 Rh7+ 56. Kg3 Ne2+ 57. Kf2 Nxc3 0-1

[Event "chess.com Junior Speed"]
[Site "chess.com INT"]
[Date "2019.07.11"]
[Round "2.9"]
[White "Maghsoodloo, Parham"]
[Black "Sarana, Alexey"]
[Result "1-0"]
[WhiteTitle "GM"]
[BlackTitle "GM"]
[WhiteElo "2671"]
[BlackElo "2636"]
[WhiteFideId "12539929"]
[BlackFideId "24133795"]
[EventDate "2019.05.16"]

1. e4 c5 2. Nf3 d6 3. d4 cxd4 4. Nxd4 Nf6 5. Nc3 a6 6. h3 e5 7. Nde2 b5 8. Bg5
Nbd7 9. Ng3 Qa5 10. a3 h6 11. Bd2 Qc7 12. Be2 Nb6 13. O-O Be7 14. Bf3 O-O 15.
Re1 Nc4 16. Bc1 Be6 17. Nf5 Rac8 18. g4 Rfd8 19. Qd3 Bf8 20. Bg2 Nb6 21. g5 hxg5
22. Bxg5 Nh5 23. Qf3 Nf4 24. Bxf4 exf4 25. Qxf4 Nc4 26. Nd5 Bxd5 27. exd5 g6 28.
Nd4 Nxb2 29. Nc6 Re8 30. h4 Nc4 31. h5 Bg7 32. Rad1 Qd7 33. hxg6 fxg6 34. Qg3
Rxe1+ 35. Rxe1 Re8 36. Re6 Qf7 37. Qg5 Kh7 38. Nd8 Rxd8 39. Qh4+ Bh6 40. Qxd8
Qf4 41. Qe7+ Bg7 42. Re4 Qc1+ 43. Bf1 Ne5 44. Rh4+ Kg8 45. Qe6+ Nf7 46. Kg2 g5
47. Rg4 Qxc2 48. Rxg5 Kf8 49. Rf5 Qc7 50. Be2 1-0

[Event "chess.com Junior Speed"]
[Site "chess.com INT"]
[Date "2019.07.11"]
[Round "2.10"]
[White "Sarana, Alexey"]
[Black "Maghsoodloo, Parham"]
[Result "1-0"]
[WhiteTitle "GM"]
[BlackTitle "GM"]
[WhiteElo "2636"]
[BlackElo "2671"]
[WhiteFideId "24133795"]
[BlackFideId "12539929"]
[EventDate "2019.05.16"]

1. d4 Nf6 2. c4 e6 3. Nf3 d5 4. Nc3 a6 5. cxd5 exd5 6. Qb3 Be7 7. Bg5 c6 8. e3
O-O 9. Bd3 Nbd7 10. O-O Re8 11. Qc2 h6 12. Bh4 Ne4 13. Bxe4 Bxh4 14. Bh7+ Kh8
15. Bd3 Bf6 16. b4 b5 17. Ne2 Bb7 18. e4 dxe4 19. Bxe4 Nb6 20. Ng3 Nd5 21. a3 g6
22. Ne5 Bxe5 23. dxe5 Rxe5 24. f4 Re8 25. f5 g5 26. Bxd5 cxd5 27. Qb2+ d4 28.
Rad1 Qb6 29. Qxd4+ Qxd4+ 30. Rxd4 Rad8 31. Rfd1 Rxd4 32. Rxd4 h5 33. Rd7 Bc6 34.
Rd6 Ba8 35. Nxh5 Bb7 36. Rh6+ Kg8 37. Rb6 1-0

[Event "chess.com Junior Speed"]
[Site "chess.com INT"]
[Date "2019.07.11"]
[Round "2.11"]
[White "Maghsoodloo, Parham"]
[Black "Sarana, Alexey"]
[Result "1-0"]
[WhiteTitle "GM"]
[BlackTitle "GM"]
[WhiteElo "2671"]
[BlackElo "2636"]
[WhiteFideId "12539929"]
[BlackFideId "24133795"]
[EventDate "2019.05.16"]

1. e4 c5 2. Nf3 d6 3. d4 Nf6 4. Nc3 cxd4 5. Nxd4 a6 6. Be2 e5 7. Nb3 Be7 8. Be3
Be6 9. h4 Nbd7 10. g4 Nb6 11. g5 Nfd7 12. Nd5 Nxd5 13. exd5 Bf5 14. Bg4 Bg6 15.
h5 Be4 16. f3 Bxg5 17. Bxg5 Qxg5 18. Bxd7+ Kxd7 19. fxe4 Qg3+ 20. Kd2 Qf4+ 21.
Kd3 Qg3+ 22. Ke2 Qg2+ 23. Ke3 Qg5+ 24. Kf2 f5 25. Qf3 Raf8 26. Rag1 Qh6 27. exf5
Rf7 28. Ke2 Rhf8 29. Qe3 Rxf5 30. Qxh6 gxh6 31. Rg7+ Kc8 32. Nd2 1-0

[Event "chess.com Junior Speed"]
[Site "chess.com INT"]
[Date "2019.07.11"]
[Round "2.12"]
[White "Sarana, Alexey"]
[Black "Maghsoodloo, Parham"]
[Result "0-1"]
[WhiteTitle "GM"]
[BlackTitle "GM"]
[WhiteElo "2636"]
[BlackElo "2671"]
[WhiteFideId "24133795"]
[BlackFideId "12539929"]
[EventDate "2019.05.16"]

1. d4 f5 2. c4 Nf6 3. Nf3 e6 4. g3 c6 5. Bg2 d5 6. Nbd2 Bd6 7. Ne5 O-O 8. Ndf3
Nbd7 9. O-O Ne4 10. Bf4 Qe7 11. Qc2 Ndf6 12. Nd3 Bd7 13. b4 Be8 14. Bxd6 Nxd6
15. Nfe5 Nfe4 16. Rfc1 g5 17. c5 Nb5 18. e3 a6 19. a4 Nc7 20. f3 Nf6 21. f4 h6
22. Bf3 Qg7 23. Qe2 Kh7 24. Kh1 Rh8 25. Ra2 g4 26. Bg2 h5 27. Kg1 Kg8 28. Kf2 h4
29. Qe1 Ne4+ 30. Kg1 hxg3 31. hxg3 Qh6 32. Kf1 Qh2 33. Bxe4 Qxa2 34. Bg2 Rh2 35.
Qf2 Qxf2+ 36. Kxf2 a5 37. Rb1 axb4 38. Rxb4 Ra7 39. Nc1 Kf8 40. Nb3 Ke7 41. a5
Kd8 42. Kg1 Rh7 43. Bf1 Kc8 44. Kg2 Bd7 45. Ng6 Ne8 46. Ne5 Nf6 47. Bd3 Kc7 48.
Rb6 Ra8 49. a6 bxa6 50. Na5 Rah8 51. Kf2 Rh1 52. Bf1 R8h2+ 53. Ke1 Ne4 54. Rb7+
Kc8 55. Ra7 Nxg3 56. Ra8+ Kc7 57. Ra7+ Kd8 58. Naxc6+ Bxc6 59. Nf7+ Ke8 60. Nd6+
Kf8 61. Ra8+ Bxa8 0-1

[Event "chess.com Junior Speed"]
[Site "chess.com INT"]
[Date "2019.07.11"]
[Round "2.13"]
[White "Maghsoodloo, Parham"]
[Black "Sarana, Alexey"]
[Result "0-1"]
[WhiteTitle "GM"]
[BlackTitle "GM"]
[WhiteElo "2671"]
[BlackElo "2636"]
[WhiteFideId "12539929"]
[BlackFideId "24133795"]
[EventDate "2019.05.16"]

1. Nf3 d5 2. d4 Nf6 3. Bf4 c5 4. e3 Nc6 5. c3 Qb6 6. Qb3 c4 7. Qc2 Bf5 8. Qc1 e6
9. Nbd2 Be7 10. Be2 O-O 11. O-O h6 12. b3 cxb3 13. axb3 Rfc8 14. Qb2 a5 15. Rfc1
a4 16. h3 axb3 17. Qxb3 Rxa1 18. Rxa1 Qxb3 19. Nxb3 Nd8 20. Nc5 Bxc5 21. dxc5
Ne4 22. Nd4 Nxc3 23. Bf3 Be4 24. Ra3 Nb1 25. Ra2 Bxf3 26. gxf3 f6 27. Bd6 Nc3
28. Rc2 Na4 29. Ra2 Nc3 30. Ra3 Nb1 31. Rd3 Ra8 32. Bc7 e5 33. Nb5 Ne6 34. Rxd5
Ra2 35. Bb6 Rb2 36. Nd6 Nc3 37. Rd3 Na4 38. Nc8 Naxc5 39. Bxc5 Nxc5 40. Rd5 Rc2
41. Ne7+ Kf7 42. Nf5 b5 43. Rd6 b4 44. Rb6 b3 45. Kg2 b2 46. Nd6+ Ke7 47. Ne4
Nxe4 48. fxe4 h5 49. Kg3 g5 50. h4 g4 51. f3 gxf3 52. Kxf3 Kd7 53. Rb3 Kc6 54.
Rb8 Kc7 55. Rb4 Kd6 56. Rb8 Kc5 57. Rc8+ Kb4 58. Rxc2 b1=Q 59. Rf2 Qg1 60. Ke2
Qg4+ 61. Kd3 Qxh4 62. Rb2+ Kc5 0-1

[Event "chess.com Junior Speed"]
[Site "chess.com INT"]
[Date "2019.07.11"]
[Round "2.14"]
[White "Sarana, Alexey"]
[Black "Maghsoodloo, Parham"]
[Result "1/2-1/2"]
[WhiteTitle "GM"]
[BlackTitle "GM"]
[WhiteElo "2636"]
[BlackElo "2671"]
[WhiteFideId "24133795"]
[BlackFideId "12539929"]
[EventDate "2019.05.16"]

1. d4 f5 2. c4 Nf6 3. Nf3 e6 4. g3 c6 5. Bg2 d5 6. Nbd2 Bd6 7. Ne5 O-O 8. Ndf3
Nbd7 9. Bf4 Qe7 10. O-O Ne4 11. Qc2 Ndf6 12. Nd3 Bd7 13. b4 Be8 14. Bxd6 Nxd6
15. c5 Nf7 16. Nfe5 Nxe5 17. Nxe5 Ng4 18. Nd3 g5 19. e3 Bg6 20. Qc3 f4 21. exf4
Bxd3 22. Qxd3 gxf4 23. Bh3 Qg5 24. Qe2 Nf6 25. Qxe6+ Kh8 26. Qf5 Qh6 27. Bg2
Rae8 28. Rae1 Ne4 29. Qg4 Nxf2 30. Qf3 Ne4 31. Qd3 fxg3 32. hxg3 Nf6 33. Rxe8
Rxe8 34. Qf5 Kg7 35. g4 Qg6 36. g5 Qxf5 37. Rxf5 Ne4 38. a4 Nc3 39. Bf1 Nxa4 40.
Rf3 Nb2 41. b5 Nd1 42. bxc6 bxc6 43. Ra3 Re7 44. Ra6 Rc7 45. Ra3 Rf7 46. Be2 Nf2
47. Ra6 Nh3+ 48. Kh2 Nxg5 49. Bg4 Rf6 50. Rxa7+ Kg6 51. Rc7 h5 52. Bd7 Nf3+ 53.
Kg3 Nxd4 54. Be8+ Kg5 55. Rg7+ Kh6 56. Rg8 Nf5+ 57. Kh3 Ne7 58. Rh8+ Kg7 59.
Rxh5 Rf8 60. Bd7 Rd8 61. Be6 d4 62. Bg4 Ng6 63. Kg3 d3 64. Bf3 d2 65. Rh1 Ne5
66. Bd1 Kf6 67. Kf4 Rd5 68. Ke3 Nc4+ 69. Ke4 Kg5 70. Bb3 Rxc5 71. Kd4 Rd5+ 72.
Kxc4 Kf4 73. Bd1 Re5 74. Kd3 Re1 75. Rh4+ Kg3 76. Rg4+ Kh3 77. Kxd2 Rxd1+ 78.
Kxd1 Kxg4 79. Kc2 Kf4 80. Kc3 Ke5 81. Kc4 Kd6 82. Kd4 c5+ 83. Kc4 Kc6 84. Kc3
Kd5 85. Kd3 1/2-1/2

[Event "chess.com Junior Speed"]
[Site "chess.com INT"]
[Date "2019.07.11"]
[Round "2.15"]
[White "Maghsoodloo, Parham"]
[Black "Sarana, Alexey"]
[Result "1/2-1/2"]
[WhiteTitle "GM"]
[BlackTitle "GM"]
[WhiteElo "2671"]
[BlackElo "2636"]
[WhiteFideId "12539929"]
[BlackFideId "24133795"]
[EventDate "2019.05.16"]

1. e4 c5 2. Nf3 d6 3. d4 cxd4 4. Nxd4 Nf6 5. Nc3 a6 6. Be2 e5 7. Nb3 Be7 8. Be3
Be6 9. h4 d5 10. exd5 Nxd5 11. Nxd5 Bxd5 12. h5 Nc6 13. Bf3 e4 14. Be2 Qd6 15.
Qd2 Rd8 16. O-O-O O-O 17. c4 Be6 18. Qxd6 Bxd6 19. Nc5 Bxc5 20. Bxc5 Rfe8 21. h6
g6 22. b3 f5 23. Be3 Kf7 24. Kb2 Kf6 25. Kc3 g5 26. g3 Bf7 27. b4 Ne5 28. a4 Nd3
29. Bxd3 exd3 30. Rxd3 Rxd3+ 31. Kxd3 Rc8 32. c5 Be8 33. Ra1 Rd8+ 34. Bd4+ Kg6
35. Re1 Bxa4 36. Re6+ Kh5 37. Kc3 Rd7 38. Be5 Kg4 39. f4 Bb5 40. fxg5 Kxg5 41.
Bf4+ Kg4 42. Bd6 Rf7 43. Kd4 Bd7 44. Re1 Bc6 45. Re6 Kh5 46. Ke5 Bd7 47. Rf6
Rxf6 48. Kxf6 Kxh6 49. Ke7 Bc6 50. Kf6 Be4 51. Bf4+ Kh5 52. Kg7 Kg4 53. Kxh7 Kf3
54. Kg7 Ke2 55. Kf6 Kd3 56. Bc7 Kc3 57. Ba5 Kc4 58. Ke5 Bb1 59. Kf4 Kb5 1/2-1/2

[Event "chess.com Junior Speed"]
[Site "chess.com INT"]
[Date "2019.07.11"]
[Round "2.16"]
[White "Sarana, Alexey"]
[Black "Maghsoodloo, Parham"]
[Result "0-1"]
[WhiteTitle "GM"]
[BlackTitle "GM"]
[WhiteElo "2636"]
[BlackElo "2671"]
[WhiteFideId "24133795"]
[BlackFideId "12539929"]
[EventDate "2019.05.16"]

1. d4 f5 2. c4 Nf6 3. Nf3 e6 4. g3 c6 5. Bg2 d5 6. O-O Bd6 7. b3 Qe7 8. Bf4 Nbd7
9. Bxd6 Qxd6 10. Nc3 Ne4 11. Qd3 b6 12. cxd5 exd5 13. Rac1 a5 14. Qc2 Bb7 15.
Rfd1 O-O 16. e3 Rac8 17. Ne2 g5 18. Qb2 Ba6 19. Nc3 h6 20. Ne1 Rce8 21. Nd3 h5
22. f4 Bxd3 23. Rxd3 Ndf6 24. Nxe4 dxe4 25. Rdc3 Rc8 26. Bf1 gxf4 27. gxf4 Kh7
28. Ba6 Rc7 29. Qe2 Kh6 30. Kh1 Nd5 31. R3c2 Nb4 32. Rd2 Rg8 33. Bc4 Rg4 34. a3
Nd5 35. Bxd5 Qxd5 36. Qc4 Qd6 37. Rdc2 Qg6 38. b4 axb4 39. axb4 h4 40. Qf1 Kh7
41. b5 Qh5 42. Rxc6 Rcg7 43. Qf2 h3 44. Rc7 Rg2 45. Rxg7+ Kxg7 46. Qf1 Kh6 47.
Rc6+ Kg7 48. Qc1 Qf3 49. Rc7+ Kh6 0-1

[Event "chess.com Junior Speed"]
[Site "chess.com INT"]
[Date "2019.07.11"]
[Round "2.17"]
[White "Maghsoodloo, Parham"]
[Black "Sarana, Alexey"]
[Result "1-0"]
[WhiteTitle "GM"]
[BlackTitle "GM"]
[WhiteElo "2671"]
[BlackElo "2636"]
[WhiteFideId "12539929"]
[BlackFideId "24133795"]
[EventDate "2019.05.16"]

1. Nf3 d5 2. d4 Nf6 3. c4 e6 4. Nc3 dxc4 5. e3 a6 6. a4 b6 7. Bxc4 Bb7 8. O-O
Bb4 9. Na2 Be7 10. Qe2 O-O 11. Rd1 Nbd7 12. b4 c5 13. dxc5 bxc5 14. b5 axb5 15.
Bxb5 Qc7 16. Bb2 Nb6 17. Nc3 Nbd5 18. Nd2 Bd6 19. h3 Bh2+ 20. Kh1 Be5 21. Nxd5
exd5 22. Bxe5 Qxe5 23. Rac1 Rfc8 24. Nb3 Ne4 25. Qe1 Qe6 26. f3 d4 27. Bc4 Bd5
28. Bxd5 Qxd5 29. Nxd4 Nf6 30. Nb5 Qe5 31. Nd6 Rd8 32. Nc4 Rxd1 33. Qxd1 Qe6 34.
a5 Nd5 35. Qd2 h5 36. e4 Nb4 37. Qe3 Qe7 38. Rd1 Nc6 39. Rd5 Nxa5 40. Qxc5 Qxc5
41. Rxc5 Nxc4 42. Rxc4 g6 43. h4 Kg7 44. Kh2 Ra6 45. Rc1 f6 46. Kg3 Kh6 47. Kf4
Rb6 48. Rc7 Ra6 49. Rf7 Rb6 50. g4 hxg4 51. fxg4 Ra6 52. g5+ 1-0